000 00602nam a2200193 i 4500
001 124438
003 ES-MaACL
007 t|
008 070326s1928 sp ||||1| spa d
100 1 _aHommel, Fritz.
_964116
245 1 0 _aHistoria del Antiguo Oriente /
_cFritz Hommel ; traducción de José Mª Millás.
260 _aBarcelona :
_bLabor,
_c[1928]
300 _a195 p., XVI p. de lám., 2 map. col. ;
_c17 cm.
490 1 _aColección Labor ;
_v154
700 1 _aMillás, José Mª.
_981187
830 0 0 _aColección Labor
_v154
_9184254
852 _aES-MaACL
_jE-2678
999 _c124438
_d124438